000 00802nam a22002657a 4500
999 _c55787
001 14351313
003 LIBRIS
005 20210203120332.0
008 130619s2009 xxu|||| |00| ||eng c
020 _a9781604061611
040 _aLmel
082 0 4 _a616.07548
_223
084 _aVea
_2kssb/8 (machine generated)
100 1 _aRunge, Val M.
245 1 4 _aThe physics of clinical MR taught through images /
_cVal M. Runge, Wolfgang R. Nitz, Stuart H. Schmeets
250 _a2. ed.
260 _aNew York :
_bThieme,
_c2009
300 _a232 s. :
_bill.
650 2 _aMagnetic resonance imaging
700 1 _aNitz, Wolfgang R.
_4aut
700 1 _aSchmeets, Stuart H.
_4aut
942 _2z
_cBOOK